| 000 | 02177nam0a2200409 4500 | ||
|---|---|---|---|
| 001 | RU\NLR\BIBL_A\012932630 | ||
| 005 | 20231122112529.0 | ||
| 010 |
_a978-5-98803-456-8 _93000 |
||
| 021 |
_aRU _bКН-П-22-066409 _9КН-П-22-5765 |
||
| 035 | _a(NLR Aleph) 012932630 | ||
| 035 | _a(RuMoRGB)011239483 | ||
| 090 |
_a12679398 _c12679398 |
||
| 100 | _a20221107d2022 u y0rusy50 ca | ||
| 101 | 0 | _arus | |
| 102 | _aRU | ||
| 105 | _aa z 000zy | ||
| 181 | 0 |
_ai3 _baxxe |
|
| 182 | 0 | _an | |
| 200 | 1 |
_aУльтразвуковое исследование вен нижних конечностей: анатомия, рефлюксы, тромбозы и хирургические подходы _eпрактическое руководство для врачей _fМазайшвили К. В., Акимов С. С. |
|
| 203 |
_aТекст _bвизуальный _cнепосредственный |
||
| 205 | _a2-е изд., испр. | ||
| 210 |
_aМосква _cМедпрактика-М _d2022 |
||
| 215 |
_a115 с. _cил., цв. ил. _d21 |
||
| 300 | _aНа 4-й с. обл. авт.: Мазайшвили К. В., хирург, д.м.н., проф., Акимов С. С., хирург-флеболг, к.м.н. | ||
| 320 | _aБиблиогр.: с. 115 (12 назв.) | ||
| 606 | 1 |
_aВены нижних конечностей _xТопографическая анатомия _jРуководства, пособия и т.п _2nlr_sh1 _2nlr_sh2 _3RU\NLR\AUTH\66197357 |
|
| 606 | 1 |
_aВены нижних конечностей _xБолезни _xУльтразвуковая диагностика _jРуководства, пособия и т.п _2nlr_sh1 _2nlr_sh2 _3RU\NLR\AUTH\66196625 |
|
| 610 | 0 | _aвены нижних конечностей | |
| 675 |
_a611.14-031.38-085 _v4 |
||
| 686 | 1 | _aР457.862.3-433.9я77 | |
| 686 | 1 | _aР457.842-4я77 | |
| 700 | 1 |
_aМазайшвили _bК. В. _gКонстантин Витальевич _3RU\NLR\AUTH\770262077 |
|
| 701 | 1 |
_aАкимов _bС. С. _f1985- _gСергей Сергеевич |
|
| 942 | _cBOOK | ||
| 980 | _aNB | ||